000 00924cam a22002897a 4500
003 CHAP
005 20220329134207.0
008 971013c19651960 r 00010 d
010 _a16783
011 _a17755
035 _a21839
040 _cCHAP
090 _aFolleto 138
100 0 0 _aJans, Fred C.
_961054
245 1 3 _aEl servicio de extensión agrícola examina la planeación de programas
260 _aMéxico, D.F., :
_bCentro Regional de Ayuda Técnica,
_c1965 (c.1960)
300 _a13 p.
_b: ilus
590 _aBATCH-UPD
_b10
_c20130110
_lUCH01
_h1916
590 _aBATCH-UPD
_b10
_c20130410
_lUCH01
_h1242
590 _aBATCH-UPD
_b10
_c20130914
_lUCH01
_h1337
590 _aCONVERSION
_b10
_c20130109
_lUCH01
_h1310
650 1 4 _aExtensión agrícola.
_939144
710 0 _aE.U.A. Department of Agriculture.
_934876
901 _aBK
942 _cFOLL
949 _aFolleto 138
_bBC
_cFOLL
_d-50809
_eTS1
_i21839
_si
999 _c16783
_d16783